000
00337nam a2200145Ia 4500
008
210719s1966 xx 000 0 und d
041
_a
eng
082
_a
301 BIEE
100
_a
BIERSTEDT (Robert)
245
_a
Emile Durkheim.
260
_a
NY
_b
Dell Publishing Co.
_c
1966
300
_a
255
_b
PB
365
_c
Rs
650
_a
Sociology
999
_c
212625
_d
212625